| 000 | 00761nam a22002297a 4500 | ||
|---|---|---|---|
| 005 | 20150218111001.0 | ||
| 008 | 140714b xxu||||| |||| 00| 0 Urdu d | ||
| 010 | _aUR-8624 | ||
| 020 | _c150.00 | ||
| 035 | _aU-7179 | ||
| 037 | _bDBAD/Pub. | ||
| 040 |
_aDPL _bUrdu |
||
| 082 | _a840 | ||
| 100 | _aثی آ ر ر ينا | ||
| 245 |
_aا د بی اور تحقيقی مضا مين _cثی آ ر ر ينا |
||
| 246 |
_aAdabi Aur Tehqeeqi Mazameen _bbyDr. T.R.Raina |
||
| 260 |
_aد ھلی _bا يجو کيشنل پبليشنگ ہا ؤس _c2013 |
||
| 260 | _bPansy Books(Vender) | ||
| 270 |
_aF-237,Lower Hari Singh Nagar,Rehari colony _bJammu _e180005 _k09419822842 |
||
| 300 |
_a152ص _c22Cm (Hb) |
||
| 942 |
_2ddc _cUR _e _h840 _mٹ ی آ |
||
| 999 |
_c91477 _d91477 |
||